000 00751nam a2200253Ia 4500
003 OSt
005 20220927103928.0
006 a|||||r|||| 00| 0
007 ta
008 220926b |||||||| |||| 00| 0 eng d
024 _a92043
037 _cReference Collections
040 _aRTL
_cRTL
_beng
041 _2eng
_aeng
082 _a"X9(F943):54.1(X).N7, M1/UN"
110 _aInternational Trade Centre
245 0 _aScope for increased trade between developing countries
260 _aGeneva
_bGatt
_c1981
300 _a282p.
_ccm.
650 _aFat and Oil Industry
_9362200
700 _aInternational Trade Centre
942 _h"X9(F943):54.1(X).N7, M1/UN"
_cCC
999 _c685142
_d685142